Ciudades españolas costeras con más de 25.000 habitantes - Estadísticas

Estadísticas generales
  • Esta prueba ha sido intentada 1.947 veces
  • La puntuación promedio es 40 de 134
Estadísticas de respuestas
Población Municipio Núcleos costeros % Correcto
1.660.122 Barcelona
90%
807.693 València
82%
586.384 Málaga
79%
111.811 Cádiz
76%
349.282 Alicante
74%
138.262 Tarragona
71%
200.578 Almería
69%
247.376 A Coruña
68%
176.238 Castelló de la Plana
67%
188.743 Donostia/San Sebastián
66%
142.532 Huelva
66%
346.096 Bilbao
65%
293.652 Vigo
65%
172.726 Santander
64%
423.350 Palma
62%
268.313 Gijón
61%
156.295 Marbella
61%
72.342 Benidorm
60%
218.050 Cartagena
60%
83.039 Ceuta
60%
85.491 Melilla
60%
378.027 Las Palmas de Gran Canaria
56%
51.996 Eivissa
53%
82.535 Pontevedra
53%
209.395 Santa Cruz de Tenerife
52%
225.957 Badalona
49%
123.639 Algeciras
46%
238.293 Elche Els Arenals del Sol, La Marina
45%
106.510 Roquetas de Mar
45%
63.890 Ferrol
43%
78.108 Gandia
43%
70.434 Torremolinos
43%
30.224 Salou
42%
45.622 Dénia
40%
85.598 Fuengirola
40%
129.870 Mataró
39%
58.939 Motril Playa Granada
39%
93.927 San Fernando
38%
89.290 Torrevieja
38%
62.920 Irun
37%
75.801 Benalmádena
36%
89.813 El Puerto de Santa María
35%
75.518 Avilés
34%
88.709 Chiclana de la Frontera
34%
76.104 Getxo
33%
89.975 El Ejido Almerimar
31%
76.975 Estepona
31%
29.902 Maó
31%
69.805 Sanlúcar de Barrameda
31%
85.377 Vélez-Málaga
31%
29.760 Xàbia/Jávea
31%
101.229 Barakaldo
30%
63.773 La Línea de la Concepción
30%
31.954 Sitges
30%
25.854 Calp
29%
46.395 Manacor Portocristo
28%
70.128 Sagunto
28%
159.034 San Cristóbal de La Laguna Punta del Hidalgo, Bajamar
27%
27.305 Almuñécar
26%
36.496 Cambrils
26%
68.427 Castelldefels
25%
31.443 Ciutadella de Menorca
25%
41.559 Lloret de Mar
25%
91.691 Mijas Chaparral, Calahonda
25%
29.675 Rota
25%
37.816 Santa Pola
25%
64.826 Arrecife
24%
33.225 Castro-Urdiales
24%
44.629 Portugalete
24%
36.862 Águilas
23%
68.854 Vilanova i la Geltrú
23%
28.681 Benicarló
22%
65.516 El Prat de Llobregat
22%
41.653 Blanes
21%
102.487 Telde
21%
37.689 Vilagarcía de Arousa
21%
82.449 Orihuela
20%
29.686 Vinaròs
20%
50.167 Adeje
19%
36.093 La Vila Joiosa/Villajoyosa
19%
28.813 Lepe La Antilla
18%
34.462 Mazarrón
18%
35.241 San Javier
18%
46.057 Santurtzi
18%
35.750 Burriana
17%
47.593 Gavá
17%
25.558 Oliva
17%
42.069 Puerto Real
17%
85.249 Arona Playa de las Américas, Los Cristianos
16%
26.807 Cangas
16%
32.858 Níjar San José, Las Negras, Agua Amarga
15%
37.925 Sant Adrià de Besòs
15%
25.195 Adra
14%
53.162 Calvià Magaluf, Santa Ponça, Peguera
14%
51.300 Rincón de la Victoria
14%
27.834 Sestao
14%
28.086 Sueca El Perelló, Les Palmeres
14%
25.233 Almonte Matalascañas
13%
33.516 Arteixo
13%
30.631 Calafell
13%
29.993 El Campello
13%
30.849 Puerto de la Cruz
13%
28.237 Sant Antoni de Portmany
13%
66.677 Viladecans
13%
39.231 Errenteria
12%
28.767 Premià de Mar
12%
28.937 Redondela
12%
27.691 San Pedro del Pinatar
12%
33.646 San Roque Puente Mayorga, Campamento
12%
41.228 Santa Eulària des Riu
12%
39.601 El Vendrell Sant Vicenç de Calders
11%
39.051 Narón
11%
37.809 Oleiros
11%
43.390 Puerto del Rosario
11%
29.506 Sant Josep de sa Talaia
11%
25.792 Alboraia La Patacona, Port Saplaya
10%
32.491 Leioa
10%
27.030 Ribeira
10%
28.751 Pineda de Mar
9%
53.912 San Bartolomé de Tirajana Maspalomas, Playa del Inglés
9%
31.416 Carballo Arnados
8%
42.454 La Orotava
8%
75.677 Santa Lucía de Tirajana Vecindario, Pozo Izquierdo
8%
27.989 Almassora
7%
30.349 Camargo Maliaño
7%
28.694 Candelaria
7%
26.605 Piélagos Liencres
7%
38.601 Arucas
6%
54.942 Granadilla de Abona El Médano
6%
31.786 Sant Pere de Ribes Les Roquetes de Garraf
6%
32.643 Agüimes Arinaga
5%
32.354 Ingenio
5%
29.099 La Oliva
4%
37.207 Los Realejos
4%
No se encontraron pruebas coincidentes
Distribución de puntuación
Porcentaje de gente con cada puntuación
Porcentaje por número respondido
Historial de tus puntuaciones
No has intentado esta prueba.